000 00356nam a2200133Ia 4500
003 GCL
008 140319s9999 xx 000 0 ara d
040 _aGCL /
_cGCL
082 0 4 _a616
_bح و
245 1 0 _aالوجيز فى علم الامراض AN OUTLINE OF POTHOLOGY
260 _a[S.N] :
_bدار الشروق ،
_c1991
300 _a258 ص
490 _a
999 _c55687
_d55687